| 000 | 00466nam a22001817a 4500 | ||
|---|---|---|---|
| 003 | LK-CoDNM | ||
| 005 | 20231215121419.0 | ||
| 008 | 231215b |||||||| |||| 00| 0 eng d | ||
| 040 |
_aLK-CoDNM _dLK-CoDNM _eLK-CoDNM |
||
| 041 | _asin | ||
| 080 | _a104 A 2 | ||
| 100 | _aDharmakirthi,Thero | ||
| 245 | _aදාඨාවංශය සන්න සහිත | ||
| 260 |
_aColombo _c1914 |
||
| 300 | _a111p;21cm | ||
| 700 |
_aSeelalankara Thero _eed. |
||
| 942 | _cBK | ||
| 999 |
_c144162 _d144162 |
||